Agresivita a šikanovanie na stredných školách

Gespeichert in:
Bibliographische Detailangaben
1. Verfasser: Dedík, Ján, 1972- (Verfasst von)
Weitere Verfasser: Kováčová, Barbora, 1- (Betreuung Doktorarbeit)
Format: Manuskript Buch
Sprache:Slowakisch
Veröffentlicht: Trnava : STU v Bratislave MTF KIP, 2012
Schlagworte:
Online-Zugang:VAIS
Tags: Tag hinzufügen
Keine Tags, Fügen Sie das erste Tag hinzu!

MARC

LEADER 00000ntm a22000003a 4500
001 stu251546
005 20150617230205.5
008 120719s2012----xo------------------slo-d
040 |a STU  |b slo 
041 0 |a slo 
044 |a xo 
100 1 |a Dedík, Ján,  |d 1972-  |4 aut  |u M  |T MTF Materiálovotechnologická fakulta  |X 7851  |U M  |Y 60  |7 A000007851 
242 0 0 |a Agresivity and bullying at Secondary schools  |y eng 
245 1 |a Agresivita a šikanovanie na stredných školách 
260 |a Trnava :  |b STU v Bratislave MTF KIP,  |c 2012 
300 |a 70 s 
650 7 |a učiteľstvo technických profesijných predmetov  |2 stusub 
650 7 |a Teaching Specific Engineering Subjects  |2 estusub 
700 1 |a Kováčová, Barbora,  |d 1-  |4 ths  |X 61774  |7 A000061774 
856 4 |a info a plný text  |u http://is.stuba.sk/zp/portal_zp.pl?podrobnosti=81060  |3 VAIS 
996 |c M*DP-11038  |l MMSKP  |s P  |a 0  |w stu251546_0001